000 00932cam a22002775a 4500
020 _a9780821394519
020 _a0821394517
020 _a9780821395233 (eISBN)
020 _a0821395238 (eISBN)
040 _cBTCTA
082 0 4 _a338 WOR 2012 A078 Or.
245 0 0 _aFood prices, nutrition, and the millenium development goals.
246 1 _aGlobal monitoring report 2012
260 _aWashington, DC :
_bWorld Bank,
_cc2012.
300 _axv, 169 p. :
_bcol. ill.
500 _aWritten by staffs of the World Bank and the International Monetary Fund.
650 0 _aFood prices
650 0 _aFood prices
650 0 _aNutrition
650 0 _aPoor
650 0 _aFood security
710 2 _aWorld Bank.
710 2 _aInternational Monetary Fund.
856 4 1 _uhttp://siteresources.worldbank.org/INTPROSPECTS/Resources/334934-1327948020811/8401693-1327957211156/8402494-1334239337250/Full_Report.pdf
942 _cEK
999 _c15746
_d15746